| 000 | 00815nam a2200193Ia 4500 | ||
|---|---|---|---|
| 999 |
_c39876 _d39876 |
||
| 001 | 6481 | ||
| 003 | GE_BSU | ||
| 005 | 20190701170033.0 | ||
| 008 | 181216s1976||||ge |||||||||||||| ||geo|| | ||
| 041 | _ageo | ||
| 080 | _a621.91(075.8) ლ-80 | ||
| 100 |
_aლოლაძე, თ. _93140 |
||
| 245 |
_aმასალების ჭრით დამუშავება : ლექციების კონსპექტი / _cთ. ლოლაძე ; რედ : მ. ძიძიგური. |
||
| 264 |
_aთბილისი : _bსპი, _c1978. |
||
| 300 |
_a149 გვ .: _bცხრ; ნახ. _c19 სმ. |
||
| 653 | _aმასალების ჭრით დამუშავება | ||
| 700 |
_aძიძიგური, მ _eრედაქტორი _9472 |
||
| 942 |
_cBK _2udc |
||